[Event "Open"]
[Site "Pula CRO"]
[Date "2007.06.28"]
[Round "7"]
[White "Kokol,P"]
[Black "Medak,B"]
[Result "0-1"]
[WhiteElo "2216"]
[BlackElo "2381"]

1.e4 d6 2.d4 g6 3.Nc3 Bg7 4.Be3 a6 5.Qd2 Nd7 6.h4 h6 7.g4 b5 8.a4 b4 9.Na2 c5
10.Rd1 Qc7 11.Bg2 Nb6 12.dxc5 dxc5 13.Bxc5 Nxa4 14.e5 Bb7 15.Bxb7 Qxb7 16.Bxb4 Nxb2
17.Ba5 Nxd1 18.Rh3 Nb2 19.Rb3 Qe4+ 20.Re3 Qh1 21.Kf1 Nc4  0-1

[Event "White Nights"]
[Site "St Petersburg RUS"]
[Date "2007.06.28"]
[Round "4"]
[White "Soloviov,Sergei"]
[Black "Bronnikova,E"]
[Result "1-0"]
[WhiteElo "2422"]
[BlackElo "2287"]

1.e4 g6 2.d4 Bg7 3.Nc3 d6 4.f4 Nf6 5.Nf3 O-O 6.Be3 c6 7.e5 Nd5 8.Nxd5 cxd5
9.Bd3 Nc6 10.Qd2 Bg4 11.O-O dxe5 12.fxe5 f6 13.exf6 exf6 14.c4 f5 15.cxd5 Qxd5
16.Rac1 Kh8 17.Bc4 Qe4 18.d5 Ne5 19.Nxe5 Qxe5 20.Bf4 Qxb2 21.Qxb2 Bxb2 22.d6 Rad8
23.h3 Bh5 24.Rb1 Bd4+ 25.Kh1 b6 26.Bb5 Rf6 27.d7 Rf7 28.g4 a6 29.Bc6 g5 30.Bc7 Rdxd7
31.Bxd7 Rxd7 32.Bxb6 Bxb6 33.gxh5 Be3 34.h6 Rd8 35.Rxf5 g4 36.hxg4 Bxh6 37.Rf6  1-0

[Event "Asian Youth GU18"]
[Site "Tashkent UZB"]
[Date "2007.06.28"]
[Round "1"]
[White "Danilyuk,O"]
[Black "Davletbayeva,M"]
[Result "0-1"]
[WhiteElo "2075"]
[BlackElo "2165"]

1.e4 g6 2.d4 Bg7 3.Nc3 d6 4.f4 Nf6 5.Nf3 c5 6.Bb5+ Nfd7 7.dxc5 dxc5 8.e5 O-O
9.O-O a6 10.Bd3 Nc6 11.Be3 b6 12.Ng5 e6 13.Be4 Bb7 14.Qf3 h6 15.Nh3 Qc7 16.Rad1 Rad8
17.Nf2 Ba8 18.Ng4 h5 19.Nf2 Bh6 20.Qg3 Ne7 21.Qh3 Nf5 22.Bc1 Nd4 23.g4 h4
24.Qxh4 Bg7 25.Qg3 b5 26.Bxa8 Rxa8 27.Qd3  0-1

[Event "White Nights"]
[Site "St Petersburg RUS"]
[Date "2007.06.29"]
[Round "5"]
[White "Busygina,A"]
[Black "Gavrikov,Vi2"]
[Result "1-0"]
[WhiteElo "2069"]
[BlackElo "1735"]

1.e4 d6 2.d4 g6 3.Nc3 Bg7 4.Be3 a6 5.f3 c6 6.Qd2 h6 7.Nge2 Nd7 8.h4 Nb6 9.Nf4 e5
10.dxe5 Bxe5 11.O-O-O g5 12.hxg5 Qxg5 13.Rh5 Qf6 14.Rxe5+ dxe5 15.Bxb6 Qxf4
16.Qxf4 exf4 17.Rd8+ Ke7 18.Ne2 f6 19.Nxf4 Kf7 20.Bc4+ Kg7 21.Nh5+ Kh7 22.Bxg8+ Kg6
23.Bf7+ Kh7 24.Nxf6+ Kg7 25.Nh5+ Kh7 26.Bg8+ Kg6 27.Nf4+ Kg5 28.g3 h5 29.Bd4 Rh6
30.Bg7 b5 31.Bxh6+ Kxh6 32.Rd6+ Kg7 33.Rg6+ Kh8 34.Nxh5 Ra7 35.Bb3  1-0

[Event "White Nights"]
[Site "St Petersburg RUS"]
[Date "2007.06.29"]
[Round "5"]
[White "Karalkin,M"]
[Black "Miednikova,S"]
[Result "1-0"]
[WhiteElo "2388"]
[BlackElo "2161"]

1.e4 g6 2.d4 Bg7 3.Nc3 d6 4.f4 c6 5.Nf3 Nd7 6.Be3 e6 7.Qd2 Ne7 8.Bd3 d5 9.e5 h5
10.Bf2 Nf5 11.h3 h4 12.O-O Bf8 13.Ne2 Be7 14.b3 c5 15.Rfd1 cxd4 16.Nexd4 Nc5
17.Nxf5 gxf5 18.c4 dxc4 19.Bxc4 Qxd2 20.Nxd2 Bd7 21.Rac1 Rc8 22.Be2 O-O 23.Nf3 Rfd8
24.Bxh4 Bxh4 25.Nxh4 a5 26.a3 b6 27.b4 axb4 28.axb4 Nb7 29.Ba6 Rb8 30.Rc7 Be8
31.Rdc1 Rd4 32.Rxb7  1-0

[Event "Kotov Mem"]
[Site "Tula RUS"]
[Date "2007.07.01"]
[Round "2"]
[White "Afromeev,V"]
[Black "Zakharevich,I"]
[Result "1/2-1/2"]
[WhiteElo "2628"]
[BlackElo "2463"]

1.e4 g6 2.d4 Bg7 3.Nc3 d6 4.Be3 a6 5.a4 Nd7 6.Bc4 Ngf6 7.Qd2 O-O 8.Bh6 e5
9.Bxg7 Kxg7 10.Nf3 Re8 11.dxe5 Nxe5 12.Nxe5 dxe5 13.O-O-O Qe7 14.f3  1/2-1/2

[Event "Open A"]
[Site "Kowalewo Pomorskie POL "]
[Date "2007.07.04"]
[Round "1"]
[White "Hiszczynski,J"]
[Black "Budrewicz,K"]
[Result "0-1"]
[WhiteElo "2010"]
[BlackElo "2224"]

1.e4 g6 2.d4 Bg7 3.Nc3 d6 4.Be3 c6 5.Bc4 b5 6.Bb3 Nf6 7.f3 O-O 8.Qd2 Nbd7
9.a4 b4 10.Nd1 e5 11.Ne2 Ba6 12.O-O exd4 13.Bxd4 Nc5 14.Ba2 Ne6 15.Be3 d5
16.e5 Nd7 17.f4 f6 18.c4 bxc3 19.Ndxc3 Nb6 20.exf6 Qxf6 21.Bxb6 axb6 22.Rae1 Kh8
23.f5 gxf5 24.Bb1 Nd4 25.Rf2 Rae8 26.Ng3 Qh6 27.Rxe8 Rxe8 28.Nxf5 Qxd2 29.Rxd2 Nxf5
30.Bxf5 Re1+ 31.Kf2 Rf1+  0-1

[Event "Open A"]
[Site "Kowalewo Pomorskie POL "]
[Date "2007.07.04"]
[Round "1"]
[White "Kubicki,M"]
[Black "Czaus,P"]
[Result "1/2-1/2"]
[WhiteElo "2165"]
[BlackElo "1981"]

1.e4 g6 2.d4 Bg7 3.Nc3 d6 4.Be3 c6 5.Qd2 a5 6.f4 Na6 7.Nf3 Bg4 8.Be2 Nf6
9.h3 Bxf3 10.Bxf3 e6 11.g4 h5 12.e5 Nd5 13.Nxd5 exd5 14.gxh5 gxh5 15.O-O-O b5
16.Rhg1 Bf8 17.Qe2 dxe5 18.fxe5 Nc7 19.Bxh5 Ne6 20.Rdf1 Ra7 21.Rf6 Qc8 22.Qf3 Nd8
23.e6 Nxe6 24.Bxf7+ Rxf7 25.Rxf7 Rxh3 26.Qxh3 Kxf7 27.Rf1+ Ke8 28.Qf5 Qd7
29.Bg5 Be7 30.Qg6+ Kd8 31.Bxe7+ Qxe7 32.Rf6 Nf8 33.Rxf8+ Qxf8 34.Qg5+ Kc7
35.b3 a4 36.Qg3+ Kb6 37.b4 Qxb4 38.Qb8+ Ka6 39.Qa8+  1/2-1/2

[Event "ch-SCO"]
[Site "Cumbernauld SCO"]
[Date "2007.07.07"]
[Round "1"]
[White "Fraser,M"]
[Black "McNab,C"]
[Result "0-1"]
[WhiteElo "2208"]
[BlackElo "2418"]

1.e4 g6 2.d4 d6 3.Nc3 Bg7 4.h3 a6 5.a4 Nf6 6.Nf3 O-O 7.Be3 d5 8.e5 Ne4 9.Nxe4 dxe4
10.Ng5 c5 11.c3 Qd5 12.dxc5 Qxe5 13.Bc4 Nc6 14.Qd5 e6 15.Qxe4 h6 16.f4 Qc7
17.Nf3 Bd7 18.O-O Na5 19.Ne5 f5 20.Qd3 Bxe5 21.fxe5 Qxe5 22.Ba2 Rad8 23.Bd4 Qc7
24.Qe3 Kh7 25.Be5 Qc8 26.Bd6 Rf7 27.Rae1 Re8 28.Rf4 g5 29.Rff1 Nc6 30.b4 Nd8
31.Bb3 Bc6 32.Qd4 Qd7 33.a5 Rg7 34.Bd1 Nf7 35.Bh5 Rd8 36.Rd1 Be4 37.Bf3 Bxf3
38.Rxf3 e5 39.Qf2 f4 40.Qc2+ Kg8 41.Qe4 g4 42.hxg4 Qxg4 43.Rfd3 Ng5 44.Qd5+ Kh7
45.Rf1 e4 46.Rd2 f3 47.Qa2 e3 48.Qc2+ Qe4 49.Qxe4+ Nxe4 50.Rd4 e2 51.Rxe4 Rxg2+  0-1

[Event "ch-IRL"]
[Site "Dublin IRL"]
[Date "2007.07.07"]
[Round "8"]
[White "Pert,N"]
[Black "Conquest,S"]
[Result "1-0"]
[WhiteElo "2525"]
[BlackElo "2546"]

1.d4 g6 2.e4 Bg7 3.Nc3 d6 4.Be3 c6 5.Nf3 Nf6 6.h3 O-O 7.Qd2 b5 8.Bd3 Nbd7
9.O-O e5 10.dxe5 dxe5 11.Ne2 a6 12.a4 Rb8 13.Ng3 Qe7 14.Rfd1 Re8 15.c3 Nc5
16.Bc2 bxa4 17.Bxc5 Qxc5 18.Bxa4 Bf8 19.b4 Qb6 20.Qg5 Kg7 21.Nh4 Ng8 22.Ngf5+ Bxf5
23.Nxf5+ Kh8 24.Nd6 Re7 25.Bb3 Bh6 26.Qg4 Rf8 27.Nc8 f5 28.Nxb6 fxg4 29.Bxg8  1-0

[Event "SCCF State Championship"]
[Site "Los Angeles USA"]
[Date "2007.07.07"]
[Round "1"]
[White "Del Pilar,R"]
[Black "Hermansen,R"]
[Result "0-1"]
[WhiteElo "2252"]
[BlackElo "2229"]

1.e4 g6 2.d4 Bg7 3.Nc3 d6 4.Be3 a6 5.Nf3 Nd7 6.Be2 b5 7.a4 b4 8.Nd5 c5 9.O-O e6
10.Nf4 Bb7 11.dxc5 dxc5 12.Qd6 Rc8 13.Rad1 Rc6 14.Qd2 Bxb2 15.Bc4 Qc7 16.Ng5 Ngf6
17.Nfxe6 fxe6 18.Nxe6 Qb6 19.a5 Qxa5 20.Bg5 Bc3 21.Qf4 Be5 22.Qh4 Qb6 23.Rxd7 Nxd7
24.Bd8 Rxe6 25.Bxb6 Rxb6 26.Rd1 Rf6 27.Qh3 Bc6  0-1

[Event "Kaupthing Open"]
[Site "Differdange LUX"]
[Date "2007.07.08"]
[Round "2"]
[White "Kasparova,T"]
[Black "Zienkiewicz,Alexandre"]
[Result "1/2-1/2"]
[WhiteElo "2217"]
[BlackElo "2037"]

1.e4 g6 2.d4 Bg7 3.Nc3 d6 4.g3 Nd7 5.Bg2 e5 6.Be3 Ne7 7.Nge2 O-O 8.O-O f5
9.Qd2 fxe4 10.Nxe4 Nf5 11.Bg5 Qe8 12.dxe5 Nxe5 13.Qd5+ Kh8 14.Rae1 c6 15.Qd1 d5
16.N4c3 Qf7 17.Bf4 Bd7 18.Na4 b6 19.Nd4 Rae8 20.Nxf5 Qxf5 21.b3 h6 22.Bc1 d4
23.Nb2 c5 24.Be4 Qf6 25.Nd3 Bh3 26.Nxe5 Rxe5 27.Bg2 Rxe1 28.Qxe1 Bxg2 29.Kxg2 Qf3+
30.Kg1 Rf5 31.Qd1 Qc6 32.Re1 Qf6 33.Qe2 Kh7 34.Kg2 Qc6+ 35.f3 Re5 36.Qd2 Qe6
37.Rxe5  1/2-1/2

[Event "6th Open"]
[Site "La Fere FRA"]
[Date "2007.07.09"]
[Round "4"]
[White "Daniel,Antoine"]
[Black "Touret,A"]
[Result "1-0"]
[WhiteElo "1687"]
[BlackElo "1858"]

1.e4 d6 2.d4 g6 3.Nc3 Bg7 4.Be3 c6 5.f3 a5 6.Qd2 Bd7 7.h4 h5 8.Be2 b5 9.g4 b4
10.Nd1 hxg4 11.fxg4 Nf6 12.Nf2 Qc8 13.g5 Ng4 14.Nxg4 Bxg4 15.Qd1 Bd7 16.h5 c5
17.h6 Bf8 18.dxc5 dxc5 19.Qd5 Bc6 20.Qxc5 Rh7 21.Bb5 Qb7 22.Bxc6+ Nxc6 23.O-O-O e6
24.Qb6 Qc8 25.Qb5 a4 26.Nf3 Ra5 27.Qc4 Qb7 28.Rd2 Be7 29.Rg1 b3 30.a3 Rb5
31.Qxa4 Bxa3 32.bxa3 b2+ 33.Kb1 Ra5 34.Qb3 Rb5 35.Qd3 Ra5 36.Nd4 Ne5 37.Qc3 Qa8
38.Nb3 Rxa3 39.Kxb2 f6 40.Ra1 Rha7 41.Rxa3 Rxa3 42.gxf6 Ra2+ 43.Kb1  1-0

[Event "Ladoga Summer"]
[Site "Novaya Ladoga RUS"]
[Date "2007.07.09"]
[Round "5"]
[White "Akatova,E"]
[Black "Mishuchkov,N"]
[Result "0-1"]
[WhiteElo "2219"]
[BlackElo "2358"]

1.e4 g6 2.d4 Bg7 3.Nc3 d6 4.Be3 c6 5.Qd2 Nd7 6.f3 b5 7.Nh3 Bb7 8.Nf2 a6 9.Be2 e5
10.O-O Ngf6 11.dxe5 dxe5 12.Rad1 Qe7 13.Nd3 O-O 14.b4 Rfd8 15.Qe1 a5 16.a3 axb4
17.axb4 Ne8 18.Qf2 Bf8 19.Nc5 Nxc5 20.Bxc5 Qf6 21.Bxf8 Kxf8 22.Qb6 Rxd1 23.Nxd1 Qe7
24.c3 Ng7 25.Nf2 Ra2 26.Qe3 Ne6 27.Rd1 Qg5 28.Qxg5 Nxg5 29.Bf1 Ke7 30.Nd3 f6
31.Nc5 Bc8 32.c4 bxc4 33.Bxc4 Rb2 34.Nd3 Rc2 35.Rc1 Rxc1+ 36.Nxc1 Be6 37.Bxe6 Nxe6
38.Kf2 Kd6 39.Ke3 Kc7 40.g3 Kb6 41.f4 exf4+ 42.gxf4 Kb5 43.Nd3 Kc4 44.e5 fxe5
45.Nxe5+ Kd5 46.Nd7 Kc4 47.Ne5+ Kb5 48.Ke4 Ng7 49.Kd4 Nf5+ 50.Kc3 Ne3 51.Nd3 Ng4
52.h3 Ne3 53.Kb3 Nd5 54.Ka3 Nc3 55.Kb3 Ne2 56.Ka3 Nd4 57.Kb2 Kc4 58.Ne5+ Kxb4
59.Nd7 Ne6 60.Nf6 Nxf4 61.Nxh7 Nxh3  0-1

[Event "6th Open"]
[Site "La Fere FRA"]
[Date "2007.07.10"]
[Round "5"]
[White "Tirard,H"]
[Black "Lazic,Mir"]
[Result "1/2-1/2"]
[WhiteElo "2476"]
[BlackElo "2465"]

1.e4 g6 2.d4 Bg7 3.Nc3 d6 4.Be3 Nd7 5.Qd2 a6 6.Nf3 e6 7.a4 b6 8.Bd3 h6 9.O-O Ne7
10.Rad1 Bb7 11.h3 Kf8 12.Nh2 Kg8 13.f4 f5 14.Bc4 d5 15.exd5 exd5 16.Ba2 Nf6
17.Nf3 Kh7 18.Ne5 Rf8 19.Bf2 Ne8 20.Bh4 Bf6 21.Bxf6 Nxf6 22.Qe1 Nc8 23.Qg3 Ne7
24.Qh4 Kg7 25.Kh2 Qd6 26.Rd3  1/2-1/2

[Event "Kaupthing Open"]
[Site "Differdange LUX"]
[Date "2007.07.11"]
[Round "6"]
[White "Jaenig,R"]
[Black "Ajrapetjan,Y"]
[Result "1/2-1/2"]
[WhiteElo "2169"]
[BlackElo "2387"]

1.e4 g6 2.d4 Bg7 3.Nc3 d6 4.Bg5 Nd7 5.Nf3 a6 6.Qd2 c5 7.O-O-O cxd4 8.Nxd4 h6
9.Be3 Ngf6 10.f3 Qc7 11.Kb1 Ne5 12.g4 b5 13.Bd3 Bb7 14.h4 Nfd7 15.h5 g5 16.Nf5 Bf6
17.Be2 Rc8 18.f4 gxf4 19.Bxf4 Nb6 20.g5 hxg5 21.Bxg5 Nec4 22.Qc1 Na3+ 23.bxa3 Qxc3
24.Bxf6 Qxf6 25.Rhf1 Qe5 26.Qg5 Bxe4 27.Ng7+ Kf8 28.Qxe5 dxe5 29.Ne6+ Ke8
30.Ng7+ Kf8 31.Ne6+ Ke8 32.Ng7+  1/2-1/2

[Event "Inautomarket Open"]
[Site "Minsk BLR"]
[Date "2007.07.11"]
[Round "2"]
[White "Muromtsev,A"]
[Black "Mihajlovskij,S"]
[Result "0-1"]
[WhiteElo "2293"]
[BlackElo "2491"]

1.e4 g6 2.d4 Bg7 3.Nc3 d6 4.Bg5 c6 5.Qd2 Qb6 6.O-O-O Qa5 7.Kb1 b5 8.Nce2 Qxd2
9.Rxd2 Nf6 10.f3 Nbd7 11.Nc1 Nb6 12.Nb3 a5 13.Rd1 a4 14.Nd2 Be6 15.Ne2 Nfd7
16.Be3 f5 17.Nf4 Bf7 18.d5 cxd5 19.exd5 Nxd5 20.Nxd5 Bxd5 21.Bxb5 Rb8 22.c4 Be6
23.Rhe1 Kf7 24.Re2 Rhc8 25.Rde1 Ne5 26.Bg5 h6 27.Bxe7 Kxe7 28.f4 Bd7 29.fxe5 dxe5
30.Bxd7 Kxd7 31.Rd1 Ke6 32.Kc2 e4 33.Rb1 Rc6 34.g3 h5 35.b4 axb3+ 36.axb3 Ra6
37.Kd1 Rd8  0-1

[Event "Ladoga Summer"]
[Site "Novaya Ladoga RUS"]
[Date "2007.07.11"]
[Round "7"]
[White "Shkuran,D"]
[Black "Sedov,Alek2"]
[Result "1-0"]
[WhiteElo "2420"]
[BlackElo "2260"]

1.e4 g6 2.d4 Bg7 3.Nc3 d6 4.Nf3 Nd7 5.Bc4 e6 6.Bf4 Ne7 7.Qd2 h6 8.O-O a6
9.a4 b6 10.h3 Bb7 11.Rfe1 Kf8 12.Bh2 Kg8 13.Rad1 Kh7 14.Bd3 Rf8 15.Ne2 Qe8
16.Nf4 e5 17.dxe5 Nxe5 18.Nxe5 Bxe5 19.a5 b5 20.c4 c5 21.Nd5 Bxd5 22.Bxe5 dxe5
23.exd5 Nc8 24.d6  1-0

[Event "ChIP"]
[Site "Paris FRA"]
[Date "2007.07.11"]
[Round "5"]
[White "Garbarino,X"]
[Black "Onkoud,A"]
[Result "1/2-1/2"]
[WhiteElo "2241"]
[BlackElo "2396"]

1.d4 d6 2.e4 g6 3.Nc3 Bg7 4.Be3 a6 5.a4 b6 6.Nf3 Bb7 7.Be2 e6 8.O-O Nd7 9.Nd2 Ne7
10.f4 f5 11.e5 O-O 12.Bf3 Qc8 13.Bxb7 Qxb7 14.Qf3 Qxf3 15.Nxf3 dxe5 16.dxe5 h6
17.Rfd1 Rad8 18.Nd4 Kf7 19.Nb3 Nc6 20.Ne2 Rfe8 21.Rd2 Bf8 22.Rad1 Ndb8 23.Rxd8 Rxd8
24.Rxd8 Nxd8 25.Nec1 Nb7 26.Kf2 Ke8 27.Nd3 c5 28.Nd2 Kd7 29.b3 Kc6 30.Ke2 Be7
31.Bf2 Nd7 32.h4 b5 33.axb5+ axb5 34.c4 Nb6 35.Nb2 bxc4 36.bxc4 Nd7 37.Nb3 g5
38.hxg5 hxg5 39.g3 g4 40.Be1 Bd8 41.Kd3 Bc7 42.Bc3 Nb8 43.Kc2 Na6 44.Nd3 Bb6
45.Be1 Nb8 46.Bd2 Nd7 47.Be1 Bc7 48.Bf2 Ba5 49.Nxa5+ Nxa5 50.Kc3 Nb7 51.Kb3 Kb6
52.Kc3 Nd8 53.Bg1 Kc6 54.Bf2 Nb7 55.Kb3 Nb6 56.Kc3 Na4+ 57.Kb3 Nb6 58.Kc3 Na4+
59.Kb3  1/2-1/2

[Event "New Jersey Futurity"]
[Site "Parsippany USA"]
[Date "2007.07.11"]
[Round "9"]
[White "Erenburg,S"]
[Black "Zlotnikov,M"]
[Result "1-0"]
[WhiteElo "2565"]
[BlackElo "2367"]

1.e4 g6 2.d4 Bg7 3.Nc3 d6 4.Be3 c6 5.h3 Nd7 6.f4 Qb6 7.Rb1 e5 8.Nf3 Ngf6
9.Qd2 Qc7 10.Bd3 O-O 11.O-O b5 12.a3 a6 13.dxe5 dxe5 14.f5 c5 15.fxg6 hxg6
16.Qf2 c4 17.Be2 Bb7 18.Ng5 Rfe8 19.Qh4 Nf8 20.Rf2 Rad8 21.Rbf1 Rd6 22.g4 Re7
23.Bf3 N6h7 24.Nxh7 Nxh7 25.Bg2 Rdd7 26.Qg3 Nf8 27.Nd5 Bxd5 28.exd5 Rd6 29.h4 Nd7
30.Bg5 f6 31.Bd2 a5 32.Be4 Nf8 33.h5  1-0

[Event "6th Open"]
[Site "La Fere FRA"]
[Date "2007.07.12"]
[Round "8"]
[White "Ly,An"]
[Black "Touret,A"]
[Result "1-0"]
[WhiteElo "2119"]
[BlackElo "1858"]

1.e4 d6 2.d4 g6 3.Nc3 Bg7 4.f4 c5 5.Nf3 Qa5 6.Be3 Bd7 7.Be2 e6 8.O-O Na6
9.Qd2 Ne7 10.Nb5 Qb6 11.dxc5 dxc5 12.Nd6+ Kf8 13.Nxf7 Kxf7 14.Qxd7 h6 15.Ne5+ Kf6
16.Nc4 Qd8 17.e5+  1-0

[Event "Kaupthing Open"]
[Site "Differdange LUX"]
[Date "2007.07.13"]
[Round "8"]
[White "Jaenig,R"]
[Black "Zienkiewicz,Alexandre"]
[Result "1-0"]
[WhiteElo "2169"]
[BlackElo "2037"]

1.e4 g6 2.d4 Bg7 3.Nc3 d6 4.Bg5 a6 5.Qd2 b5 6.a3 Nd7 7.Nf3 Bb7 8.Bd3 c5 9.d5 h6
10.Be3 Ngf6 11.O-O Ng4 12.Bf4 Nge5 13.Nxe5 Nxe5 14.h3 Nxd3 15.cxd3 Qd7 16.Rfe1 g5
17.Bh2 O-O 18.Ne2 e6 19.dxe6 Qxe6 20.Ng3 Be5 21.Nf5 Qf6 22.Bxe5 dxe5 23.Re3 Kh7
24.Rf3 Qe6 25.Kh2 f6 26.Rh1 Kg6 27.h4 Rh8 28.Rh3 Rad8 29.Qe3 c4 30.dxc4 Qxc4
31.f3 Qd3 32.Qxd3 Rxd3 33.hxg5 fxg5 34.g4 Bc8 35.Ne7+ Kg7 36.Kg3 Bd7 37.Rc1 Rf8
38.Nf5+ Bxf5 39.gxf5 Rd6 40.Rhh1 Rfd8 41.Rc5 Re8 42.Rc7+ Kg8 43.Rhc1 Rd2
44.R1c6 Rxb2 45.Rg6+ Kf8 46.Rxh6 Kg8 47.Rxa6 Rb1 48.Rg6+ Kh8 49.Kg4 Ra8 50.Kxg5 Rxa3
51.Re6 Ra8 52.Rxe5 Rb8 53.Rce7 Rg1+ 54.Kf4 Rgg8 55.f6 Rgf8 56.Rh5+  1-0

[Event "22nd North Sea Cup"]
[Site "Esbjerg DEN"]
[Date "2007.07.13"]
[Round "1"]
[White "Brinck Claussen,B"]
[Black "Aagaard,K"]
[Result "1-0"]
[WhiteElo "2323"]
[BlackElo "1914"]

1.e4 d6 2.d4 g6 3.Nc3 Bg7 4.f4 c6 5.Be3 Nf6 6.Nf3 O-O 7.Bd3 b5 8.O-O Nbd7
9.e5 Ne8 10.Qe1 Nb6 11.Qh4 f6 12.exf6 Nxf6 13.Rae1 b4 14.Nd1 Qc7 15.Ng5 Nbd5
16.Bd2 Bd7 17.Ne3 e6 18.Nxd5 exd5 19.Re7 Rf7 20.Rxf7  1-0

[Event "6th Open"]
[Site "La Fere FRA"]
[Date "2007.07.13"]
[Round "9"]
[White "Afek,Y"]
[Black "Jossien,R"]
[Result "1/2-1/2"]
[WhiteElo "2350"]
[BlackElo "2239"]

1.e4 d6 2.d4 g6 3.Nc3 Bg7 4.Be3 Nd7 5.Qd2 e6 6.f4 Ne7 7.Nf3 h6 8.O-O-O a6
9.g4 b5 10.f5 Bb7 11.fxe6 fxe6 12.a3 Nf6 13.g5 Nxe4 14.Nxe4 Bxe4 15.gxh6 Bf6
16.Bg2 Nd5 17.h4 b4 18.axb4 a5 19.b5 Qd7 20.Bg5 Qxb5 21.Qe1 Bf5 22.Bxf6 Rb8
23.b3 a4 24.Bh3 Nxf6 25.Bxf5 Qxf5 26.Nd2 O-O 27.Rf1 Qd5 28.Qg3 Kh7 29.Rg1 Qh5
30.Rde1 Rbe8 31.bxa4 Qxh6 32.Qg5 Nd5 33.Ne4 Rf4 34.Rgf1 Ref8 35.Rxf4 Rxf4
36.c4 Nb4 37.Qxh6+ Kxh6 38.Kd2 Rxh4 39.a5 d5 40.Kc3 Nc6 41.Nc5 Nxa5 42.Nxe6 Nxc4
43.Nxc7 Nd6 44.Re5 Nf5 45.Rxd5 Rxd4 46.Rxd4  1/2-1/2

[Event "XXII Tadeusz Gniota Mem"]
[Site "Police POL"]
[Date "2007.07.13"]
[Round "3"]
[White "Jacek,K"]
[Black "Claesen,J"]
[Result "0-1"]
[WhiteElo "1940"]
[BlackElo "2248"]

1.e4 g6 2.d4 Bg7 3.Nc3 d6 4.f4 a6 5.Nf3 b5 6.a3 Bb7 7.Be2 Nd7 8.e5 c5 9.Be3 cxd4
10.Bxd4 dxe5 11.fxe5 e6 12.O-O Ne7 13.Qe1 Nc6 14.Be3 Ncxe5 15.Nxe5 Nxe5 16.Rd1 Qe7
17.Qf2 Rc8 18.Bf4 O-O 19.Qg3 Qc5+ 20.Kh1 Rfd8 21.Rxd8+ Rxd8 22.Qg5 Rd7 23.Be3 Qc6
24.Qg3 h5 25.Bf4 Nc4 26.Bf3 Qb6 27.Ne4 Ne3 28.Bxe3 Qxe3 29.Re1 Qb6 30.Qb8+ Rd8
31.Qg3 h4 32.Qh3 Bxe4 33.Bxe4 Rd1 34.Qe3 Bxb2 35.Bd3 Qd4 36.Qe2 Rxe1+ 37.Qxe1 Bxa3
38.h3 Bd6  0-1

[Event "Open"]
[Site "Banska Stiavnica SVK"]
[Date "2007.07.14"]
[Round "8"]
[White "Bindrich,F"]
[Black "Nanu,C"]
[Result "1/2-1/2"]
[WhiteElo "2504"]
[BlackElo "2507"]

1.e4 g6 2.d4 Bg7 3.Nc3 d6 4.Nf3 Nf6 5.Be2 O-O 6.O-O c5 7.d5 e6 8.Nd2 exd5
9.exd5 Nbd7 10.Nc4 Nb6 11.Ne3 Re8 12.a4 Ne4 13.Nxe4 Rxe4 14.c3 Nd7 15.Bd2 Re8
16.Qc2 Nf6 17.Bf3 b6 18.Rfe1 a6 19.Nc4 Rxe1+ 20.Bxe1 Bg4 21.Qe2 Bxf3 22.Qxf3 Nd7
23.Qe2 Ne5 24.Ne3 Qe7 25.Nc4 Re8 26.Bd2 Nxc4 27.Qxc4 Qe2 28.Rd1  1/2-1/2

[Event "Kaupthing Open"]
[Site "Differdange LUX"]
[Date "2007.07.14"]
[Round "9"]
[White "Rohit,G"]
[Black "Zozulia,A"]
[Result "1-0"]
[WhiteElo "2470"]
[BlackElo "2328"]

1.e4 g6 2.d4 Bg7 3.Nc3 d6 4.Be3 a6 5.f4 e6 6.Nf3 Ne7 7.Bd3 Nd7 8.e5 b5 9.Ne4 Nd5
10.Bd2 f5 11.exf6 N7xf6 12.Qe2 Nxe4 13.Bxe4 O-O 14.h4 Rb8 15.g3 Nf6 16.h5 Nxe4
17.Qxe4 Qf6 18.O-O-O c5 19.hxg6 hxg6 20.Qe2 Bb7 21.Ng5 Bxh1 22.Qh2 Rfe8 23.Rxh1 b4
24.Re1 cxd4 25.Qh7+ Kf8 26.Ne4 Qf5 27.Nxd6 Qg4 28.Nxe8 Rxe8 29.Bxb4+ Kf7
30.Qh2 Qf3 31.Qe2 Qxg3 32.Qxa6 Qxf4+ 33.Bd2 Qc7 34.Qd3 Rf8 35.Rg1 Kg8 36.Qxg6 Qf7
37.Qe4 Qf6 38.Bg5 Qf2 39.Qxe6+ Rf7 40.Qe8+ Rf8 41.Qe1 Qf5 42.Bh6 Rf7 43.Bxg7 Rxg7
44.Qe8+  1-0

[Event "Ikaros Festival"]
[Site "Agios Kirykos GRE"]
[Date "2007.07.15"]
[Round "9"]
[White "Cruz Alvarez de Ron,D"]
[Black "Garcia Castro,P"]
[Result "0-1"]
[WhiteElo "2204"]
[BlackElo "2405"]

1.e4 g6 2.d4 Bg7 3.Nc3 d6 4.Be3 c6 5.Qd2 Nd7 6.f3 b5 7.a4 b4 8.Nd1 a5 9.Nh3 Ngf6
10.Be2 O-O 11.O-O Nb6 12.Nhf2 Be6 13.b3 Nfd7 14.Rb1 f6 15.c4 bxc3 16.Nxc3 d5
17.Rfd1 Bf7 18.f4 dxe4 19.Nfxe4 Nd5 20.Nxd5 cxd5 21.Nc3 f5 22.Bf2 Nf6 23.Bh4 Qb6
24.Nb5 Rfc8 25.Rbc1 Ne4 26.Qe3 Kf8 27.h3 Be8 28.Kh2 Bxb5 29.Bxb5 Qd6 30.Rxc8+ Rxc8
31.Rc1 Rxc1 32.Qxc1 Bxd4 33.Be1 Bb6 34.g3 Qf6 35.Qc6 Qxc6 36.Bxc6 e6 37.Kg2 Ke7
38.Kf3 Kd6 39.Bb5 d4 40.Bc4 e5 41.b4 axb4 42.Bxb4+ Bc5 43.Be1 Nc3 44.fxe5+ Kxe5
45.a5 g5 46.a6 h6 47.Bf7 Bb6 48.Bc4 h5 49.Bf7 g4+ 50.Kg2 Nd1 51.Ba5 Ba7 52.Bxh5 Ne3+
53.Kh2 Ke4 54.hxg4 fxg4 55.Kg1 Kf3 56.Be8 d3 57.Bc6+ Kxg3 58.Be1+ Kh3 59.Ba4 d2
60.Bxd2 g3 61.Bc6 Nd5+  0-1

[Event "WGM"]
[Site "Bad Homburg GER"]
[Date "2007.07.15"]
[Round "9"]
[White "Tairova,E"]
[Black "Socko,M"]
[Result "1/2-1/2"]
[WhiteElo "2410"]
[BlackElo "2479"]

1.e4 g6 2.d4 d6 3.Nc3 Bg7 4.f4 Nf6 5.Nf3 O-O 6.Bd3 Na6 7.O-O c5 8.d5 Rb8
9.Kh1 Bg4 10.Qe1 Nb4 11.Qh4 b5 12.f5 c4 13.a3 Nxd3 14.cxd3 Bxf3 15.Rxf3 cxd3
16.Rxd3 b4 17.axb4 Rxb4 18.Rxa7 gxf5 19.Rh3 Qb8 20.Ra1 Rc8 21.Bg5 Rxc3 22.Rxc3 Nxe4
23.Rc6 Bxb2 24.Rf1 Be5 25.Bf4 Nf2+ 26.Qxf2 Rxf4 27.Qe2 Qb2 28.Qe1 Qd2 29.Qg3+ Rg4
30.Qf3 Rf4 31.Qg3+ Rg4 32.Qf3 Rf4 33.Qg3+ Rg4 34.Qf3 Qh6 35.g3 Bxg3 36.Rc2 Bf4
37.Rg2 Kf8 38.Rb1 Qg5 39.Rf1 Rxg2 40.Qxg2 Qxg2+ 41.Kxg2 Be5 42.Rxf5 Kg7 43.h4 Bf6  1/2-1/2

[Event "XII Open"]
[Site "Balaguer ESP"]
[Date "2007.07.16"]
[Round "1"]
[White "Gutierrez Martos,F"]
[Black "Arizmendi Martinez,J"]
[Result "0-1"]
[WhiteElo "2001"]
[BlackElo "2522"]

1.d4 d6 2.Nc3 g6 3.e4 Bg7 4.f4 a6 5.Nf3 b5 6.Bd3 Nd7 7.O-O c5 8.d5 Bb7 9.Qe1 c4
10.Be2 Ngf6 11.a3 Nc5 12.Nd2 O-O 13.Qh4 e6 14.dxe6 fxe6 15.Bf3 Qb6 16.Kh1 d5
17.exd5 exd5 18.Qf2 Qc7 19.Ne2 Nce4 20.Qh4 Rae8 21.c3 Nd7 22.g3 Ndc5 23.Nxe4 dxe4
24.Bg2 e3 25.Qh3 Nb3 26.Ra2 Bxg2+ 27.Qxg2 Qd7 28.h4 a5 29.Kh2 a4 30.f5 Rxf5
31.Rxf5 Qxf5  0-1

[Event "22nd North Sea Cup"]
[Site "Esbjerg DEN"]
[Date "2007.07.16"]
[Round "6"]
[White "Grove,P"]
[Black "Matras,O"]
[Result "1-0"]
[WhiteElo "2010"]
[BlackElo "2218"]

1.e4 g6 2.d4 d6 3.Nc3 Bg7 4.Be3 c6 5.Qd2 Nf6 6.f3 Nbd7 7.Bh6 Bxh6 8.Qxh6 Qb6
9.O-O-O c5 10.Nge2 cxd4 11.Nxd4 Ne5 12.Qd2 Bd7 13.f4 Nc6 14.Nf3 O-O-O 15.Bc4 Ng4
16.Rhf1 Qb4 17.Bxf7 e6 18.h3 Nh6 19.Ng5 Rdf8 20.Bxe6 Rd8 21.Bxd7+ Rxd7 22.e5 Rhd8
23.e6 Rg7 24.a3 Qc4 25.Qd5 Qa6 26.Nb5 Kb8 27.g4 Ne7 28.Qd4 Rgg8 29.Nxd6 Nc8
30.Nge4 Ka8 31.Qc4 Qb6 32.Qb3 Qa6 33.Nxc8 Rxc8 34.Rfe1 Rg7 35.Rd7 Rxd7 36.exd7 Rd8
37.Nc5 Qc6 38.Qb4 b6 39.Ne6 Rxd7 40.Qf8+ Kb7 41.Qxh6 Qd5 42.f5 Qa2 43.c3 Qa1+
44.Kc2 Qxe1 45.Nd4 Qe4+ 46.Kc1 Qe1+ 47.Kc2 Qe4+ 48.Kd1 gxf5 49.gxf5 Re7 50.Kc1 Qe3+
51.Qxe3 Rxe3 52.Kd2 Rxh3 53.f6 Rh6 54.f7 Rf6 55.Ne6 Rxe6 56.f8=Q Rc6 57.Ke3 Rc7
58.Kd4 Rc5 59.c4 h5 60.b4 Rc7 61.Qf3+ Kb8 62.Qxh5 Kb7 63.c5 b5 64.Qe8 Ka6
65.Qe6+ Kb7 66.Kd5 Rc8 67.Qxc8+ Kxc8  1-0

[Event "22nd North Sea Cup"]
[Site "Esbjerg DEN"]
[Date "2007.07.17"]
[Round "7"]
[White "Karpatchev,A"]
[Black "Engelbert,C"]
[Result "1-0"]
[WhiteElo "2466"]
[BlackElo "2240"]

1.e4 g6 2.d4 Bg7 3.Nc3 d6 4.f4 Nc6 5.Be3 Nf6 6.Nf3 O-O 7.Qd2 e6 8.O-O-O b6
9.h4 Bb7 10.h5 Nxh5 11.g4 Ng3 12.Rh3 Nxf1 13.Rxf1 h6 14.f5 g5 15.Nxg5 hxg5
16.f6 Bxf6 17.Qh2 Re8 18.Rh7 Bg7 19.Qh5 Re7 20.Rh1 f6 21.Qg6  1-0

[Event "22nd North Sea Cup"]
[Site "Esbjerg DEN"]
[Date "2007.07.18"]
[Round "8"]
[White "Mikkelsen,N"]
[Black "Andersen,Jack"]
[Result "1-0"]
[WhiteElo "2317"]
[BlackElo "2267"]

1.e4 g6 2.d4 Bg7 3.Nc3 d6 4.f4 d5 5.Nxd5 c6 6.Ne3 Qxd4 7.Bd3 Nd7 8.Nf3 Qb6
9.c3 Nc5 10.Bc2 a5 11.O-O a4 12.Kh1 Qa6 13.f5 Nh6 14.Bd2 Nd3 15.Qb1 Nc5 16.Qe1 a3
17.b4 Na4 18.Rc1 Bd7 19.Qh4 Nb2 20.c4 f6 21.Qg3 g5 22.e5 O-O-O 23.e6 Be8
24.Be4 g4 25.Bc3 Rg8 26.Nd4 Qa7 27.Nd5 Bf8 28.Qc7+  1-0

[Event "22nd North Sea Cup"]
[Site "Esbjerg DEN"]
[Date "2007.07.19"]
[Round "9"]
[White "Bindzus,N"]
[Black "Engelbert,C"]
[Result "1/2-1/2"]
[WhiteElo "2081"]
[BlackElo "2240"]

1.e4 g6 2.d4 Bg7 3.Nc3 d6 4.f4 a6 5.Nf3 b5 6.Bd3 Nd7 7.e5 Bb7 8.Qe2 e6 9.Ne4 Nb6
10.O-O Ne7 11.b3 Rc8 12.c4 Bxe4 13.Bxe4 d5 14.Bd3 dxc4 15.bxc4 O-O 16.cxb5 axb5
17.Bxb5 Nf5 18.Qe4 Qd5 19.Bc6 Qxe4 20.Bxe4 Rfd8 21.Bxf5 gxf5 22.Ba3 Nd5 23.g3 Ra8
24.Bc5 Ra4 25.Rfb1 Rda8 26.a3 Bf8 27.Bxf8 Kxf8 28.Rb3 Ke7 29.Kg2 h6 30.Kf2 Nb6
31.Rc3 Kd7 32.Ke2  1/2-1/2